00613nam a2200205Ia 4500003000900000008004100009020001800050040001600068080001700084100001600101245011800117260004800235300001700283650001400300650002200314650002000336700001900356700001600375700001600391IN-BaIIA211028s9999 xx 000 0 eng d a0-521-56330-5 cIIA Library a524.834bPEN aPenrose, R. 4aThe large, the small and the human mindcR. Penrose…[et. al.]  aCambridgebCambridge University Pressc1997 axviii, 185p. aCosmology aPhysical universe aQuantum physics aCartwright, N. aHawking, S. aShimony, A.